000 00644nam a2200229Ia 4500
003 OSt
005 20221007071656.0
006 a|||||r|||| 00| 0
007 ta
008 221006b |||||||| |||| 00| 0 eng d
024 _a12,510
037 _cTextual
040 _aFLL
_cFLL
_beng
041 _2eng
_aeng
082 _aV3:10(Z:51):N7, K2
100 _aChristoph James B.
_9689203
245 0 _aCapital punishment and british politics
260 _aLondon
_bGeorge Allen & Unwin Ltd London
_c1962
300 _a202p
_ccm.
942 _hV3:10(Z:51):N7, K2
_cTEXL
_2CC
999 _c1143958
_d1143958